Statistics for Costa Rica World Cup 2022 Squad

Click here to take the quiz!

General Stats

  • This quiz has been taken 3 times
  • The average score is 4 of 26

Answer Stats

PositionClubPlayer% Correct
FWClub LeonJoel Campbell
100%
GKPSGKeylor Navas
100%
DFAl-WehdaOscar Duarte
100%
MFGuanacastecaBrandon Aguilera
33%
DFReal Salt LakeBryan Oviedo
33%
MFSunderlandJewison Bennette
33%
DFSaprissaKendall Waston
33%
MFSaprissaAlvaro Zamora
0%
FWHeredianoAnthony Contreras
0%
MFPuntarenasAnthony Hernandez
0%
MFAlajuelenseBryan Ruiz
0%
DFSan CarlosCarlos Martinez
0%
MFAlajuelenseCelso Borges
0%
MFCartaginesDaniel Chacon
0%
MFHeredianoDouglas Lopez
0%
GKHeredianoEsteban Alvarado
0%
DFKonyasporFrancisco Calvo
0%
MFHeredianoGerson Torres
0%
FWAlajuelenseJohan Venegas
0%
DFMillonariosJuan Pablo Vargas
0%
DFHeredianoKeysher Fuller
0%
GKCD LugoPatrick Sequeira
0%
MFMunicipal GreciaRoan Wilson
0%
DFFC CincinnatiRonald Matarrita
0%
MFHeredianoYeltsin Tejeda
0%
MFSaprissaYoustin Salas
0%

Score Distribution

Percentile by Number Answered

Percent of People with Each Score

Your Score History

You have not taken this quiz